MDQL
is popping MORE tags! Check the
thread
!
Quizzes
Events
Quiz Creation
Community
Videos
Private Events
Remove Ads
Sign In
Join for FREE
Feedback
Dark Mode
Quiz Categories
Sports
Geography
Music
Movies
Television
Just For Fun
Miscellaneous
History
Literature
Language
Science
Gaming
Entertainment
Religion
Holiday
For Kids
Quiz Lab
Recent
Popular Today
Quiz Kudos Today
Editor Picks
Curator Picks
Quizzes by...
Day
Popularity
Type
Ratings
Length
Year
Community
Subscriptions
Recent Discussions
Orange Saloon
Badges
Playlists
Quests
Create
Leaderboards
Showdown
Live 5
Trivia Bingo
Activity
Puzzle Library
Sporcle Events
Private Events
Virtual Trivia
Globe League
Become a Host
Pub Owners
SporcleCon
Opinionation
Our Games
Videos
Blog
Mobile Apps
Partnerships
Remove Ads and Go Orange
Feedback
Sports
Athletes
MLB
NBA
NHL
NFL
Soccer
Sports Teams
WWE
NCAA
Football
Premier League
Basketball
Baseball
Hockey
Golf
Tennis
Cricket
Rugby
Auto Racing
Olympics
World Cup
Sports
Athletes
MLB
NBA
NHL
NFL
Soccer
Sports Teams
WWE
NCAA
Football
Premier League
Basketball
Baseball
Hockey
Golf
Tennis
Cricket
Rugby
Auto Racing
Olympics
World Cup
Random Quiz
Search Sporcle
×
Quiz Lab
Quiz Lab
Sports
MLB
Type in answers that appear in a list
Type in answers that appear in a list
Classic
Best Score? Go Orange.
MLB - NL Shortstops of the 1970s Stats
Can you name the NL Shortstops with the most games played by team for the 1970s?
By
Bub
15m
120 Questions
2,816 Plays
2,816 Plays
2,816 Plays
Comments
Comments
Give Quiz Kudos
Give Quiz Kudos
-
- Ratings
hide this ad
Replay
Link that replays current quiz
Next Quiz
Link to next quiz in quiz playlist
You Got
0%
They Got
Avg Score
73%
Avg Friend Score
Upgrade to see
Score Distribution
Jump to the score distribution portion of the page
Score
0/120
Timer
15:00
0
Plays Today
% Correct
Dave Concepcion
97.1%
Dave Concepcion
97.1%
Dave Concepcion
97.1%
Dave Concepcion
97.1%
Dave Concepcion
97.1%
Dave Concepcion
97.1%
Dave Concepcion
97.1%
Dave Concepcion
97.1%
Dave Concepcion
97.1%
Dave Concepcion
97.1%
Larry Bowa
95.7%
Larry Bowa
95.7%
Larry Bowa
95.7%
Larry Bowa
95.7%
Larry Bowa
95.7%
Larry Bowa
95.7%
Larry Bowa
95.7%
Larry Bowa
95.7%
Larry Bowa
95.7%
Larry Bowa
95.7%
Bill Russell
95.2%
Bill Russell
95.2%
Bill Russell
95.2%
Bill Russell
95.2%
Bill Russell
95.2%
Bill Russell
95.2%
Bill Russell
95.2%
Bill Russell
95.2%
Ozzie Smith
93.1%
Ozzie Smith
93.1%
Garry Templeton
90.8%
Garry Templeton
90.8%
Garry Templeton
90.8%
Bud Harrelson
88.8%
Bud Harrelson
88.8%
Bud Harrelson
88.8%
Bud Harrelson
88.8%
Bud Harrelson
88.8%
Bud Harrelson
88.8%
Bud Harrelson
88.8%
% Correct
Don Kessinger
84.7%
Don Kessinger
84.7%
Don Kessinger
84.7%
Don Kessinger
84.7%
Don Kessinger
84.7%
Don Kessinger
84.7%
Don Kessinger
84.7%
Chris Speier
82.9%
Chris Speier
82.9%
Chris Speier
82.9%
Chris Speier
82.9%
Chris Speier
82.9%
Chris Speier
82.9%
Chris Speier
82.9%
Chris Speier
82.9%
Chris Speier
82.9%
Tim Foli
79.8%
Tim Foli
79.8%
Tim Foli
79.8%
Tim Foli
79.8%
Tim Foli
79.8%
Tim Foli
79.8%
Tim Foli
79.8%
Tim Foli
79.8%
Maury Wills
73.8%
Maury Wills
73.8%
Frank Taveras
72%
Frank Taveras
72%
Frank Taveras
72%
Frank Taveras
72%
Frank Taveras
72%
Frank Taveras
72%
Roger Metzger
70.6%
Roger Metzger
70.6%
Roger Metzger
70.6%
Roger Metzger
70.6%
Roger Metzger
70.6%
Roger Metzger
70.6%
Roger Metzger
70.6%
Ivan de Jesus
68%
% Correct
Ivan de Jesus
68%
Ivan de Jesus
68%
Enzo Hernandez
63.9%
Enzo Hernandez
63.9%
Enzo Hernandez
63.9%
Enzo Hernandez
63.9%
Enzo Hernandez
63.9%
Dal Maxvill
57.5%
Dal Maxvill
57.5%
Dal Maxvill
57.5%
Dal Maxvill
57.5%
Gene Alley
55.5%
Gene Alley
55.5%
Gene Alley
55.5%
Craig Reynolds
55%
Marty Perez
54.1%
Marty Perez
54.1%
Marty Perez
54.1%
Johnnie LeMaster
51.6%
Johnnie LeMaster
51.6%
Mike Tyson
50.9%
Mike Tyson
50.9%
Mike Tyson
50.9%
Sonny Jackson
50.1%
Denis Menke
47.1%
Darrel Chaney
39.6%
Darrel Chaney
39.6%
Bobby Wine
37.9%
Bobby Wine
37.9%
Derrel Thomas
36%
Bill Almon
35.2%
Hal Lanier
31.8%
Pepe Frias
31.1%
Larvell Blanks
29%
Craig Robinson
28.2%
Pat Rockett
26.1%
Mick Kelleher
24.9%
Mike Phillips
23%
Jimmy Sexton
17.1%
Jose Arcia
16.9%
Quiz Playlist
Details
Report
Send in Message
Add To Playlist
Classic:
Type in answers that appear in a list
Quiz Source
Last Updated: Feb 27, 2017
Quiz Scoreboard
CHALLENGE
Sign Up to Join the Scoreboard
Show All
Scores
Hide
Comments
May contain spoilers
Recently Published
1-10 Letter E Words III
by El_Dandy
Language
2m
Street Fighter Characters
by Artimus82
Gaming
60s
College Basketball Coaching Resumes
by pancakes188
Sports
9m
More to Explore
Quiz From the Vault
Featured Blog Post
Where Did the Easter Bunny Come From?
hide this ad
You Might Also Like...
Tags
Baseball Quiz
MLB Quiz
1970s
Games Played by Position
shortstop
Today's Top Quizzes in Sports
Browse Sports
hide this ad
Today's Top Quizzes in MLB
Browse MLB
Top Contributed Quizzes in Sports
1
2022 World Cup Stars
2
Les meilleurs buteurs des matchs entre le PSG et l’OM
3
FIFA Club World Cup Champions
4
Les entraîneurs de l'OM et du PSG au 21e siècle
5
Criteria MLB: Left Handed Sluggers
6
2023 MLB Unique Player Accomplishments
7
AFC Teams Reveal (Wrong Answers Minefield)
8
Players with Multiple 50 Home Run Seasons
9
5-to-1: FBS Animal Nicknames
10
5-to-1: UK Sports Teams
Explore More
Trending Topics
Kpop
Anime
NBA
Harry Potter
Crossword
Marvel
Disney
The Office
Puzzle
NFL
Song
Soccer
WWE
Country
Pokémon
hide this ad
More By:
Bub
Quiz
Plays
Rating
Category
Featured
Created
MLB - Top 5 Extra Base Hits, 1970-2023
3,632
4.92
Sports
May 2, 2016
MLB - NL Catchers of the 1970s
3,432
4.60
Sports
Sep 22, 2014
MLB - NL First Baseman of the 1970s
3,105
4.73
Sports
Oct 1, 2014
MLB - AL First Baseman of the 1970s
3,012
4.78
Sports
Oct 9, 2014
MLB - NL Third Basemen of the 1970s
2,870
4.63
Sports
Oct 20, 2014
Go to Creator's Profile
Score Distribution
Quiz Creator Spotlight
Bub
Follow
Send a Message
Quizzes Created
-
Created Quiz Play Count
-
More By This Creator
Popular Quizzes Today
1
Find the US States - No Outlines Minefield
2
Find the Countries of Europe - No Outlines Minefield
3
Find the US States
4
The Countries of the World
5
Risky Map Clicking: Biggest States A-Z
6
US States
7
Popular People in 1961
8
Movies - When Are They Set?
More Sports Quizzes
Last Ten World Series Losers
Published
Trending Quizzes
Risky Map Clicking: Least Populous States A-Z
1-10 Letter G Words
Countries of the World: 200 Million BC
1-10 Letter F Words
Risky Map Clicking: Next State Alphabetically
Recently Updated
Largest US Cities 1790-2010
pecheneg
Rides in Walt Disney World
pecheneg
Most Oscar Losses (Acting)
pecheneg
Beyoncé Albums
pecheneg
Leaping Animals
pecheneg
Reality TV Shows (A-Z)
bhenderson79
Rickey Henderson's Hall of Fame Teammates
pecheneg
Champions League XIs: Arsenal
pecheneg
Quick Pick: Celebrities in WWE's Hall of Fame
aduchscher
A-Z Keypad Blitz II
pecheneg
Trending Topics
Marvel
Anime
Crossword
Harry Potter
NBA
Disney
Kpop
Country
Song
Pokémon
Puzzle
Soccer
The Office
NFL
WWE
Your Account Isn't Verified!
In order to create a playlist on Sporcle, you need to verify the email address you used during registration. Go to your
Sporcle Settings
to finish the process.
Report this User
Report this user for behavior that violates our
Community Guidelines
.
Details:
Send Report
Go to the Sporcle.com Mobile Site →
Comments